000 00774nmc a2200277 a 4500
003 AR-BaBNM
005 20251128203104.0
008 236019s1953 ||||||||||||||000 | spa||
040 _cAR-BaBNM
100 1 _aWilde, José Antonio
_d1813-1887
245 1 0 _aBuenos Aires desde setenta años atrás
260 _aBuenos Aires
_bJackson
_c1953
300 1 _axix, 392 p.
490 0 _aGrandes escritores argentinos
_vv. 20
650 4 _aHISTORIA DE BUENOS AIRES
650 4 _aPERIODO HISPANICO
650 4 _aPERIODO INDEPENDIENTE
650 4 _aCOSTUMBRES Y TRADICIONES
650 4 _aCEREMONIAS
650 4 _aINMIGRACION
653 0 _aEFEMERIDES
700 1 _aPalcos, Alberto
_eprologuista
800 1 _aPalcos, Alberto
_edirector
942 _cBK
998 _cisola
999 _c1827
_d1827